| 000 | 00394cam a22001331 4500 | ||
|---|---|---|---|
| 040 | _cDLC | ||
| 082 | 0 | 0 | _a636 ANG 1967 A040 Or. |
| 100 | 1 | _aSutherland, James Alan. | |
| 245 | 1 | 0 |
_aUnderstanding farm animals; _ban introduction to the science of animal production |
| 260 |
_a[Sydney] _bAngus and Robertson _c[1967] |
||
| 300 |
_axx, 233 p. _bdiagrs. _c25 cm. |
||
| 650 | 0 | _aLivestock. | |
| 942 | _cEK | ||
| 999 |
_c12209 _d12209 |
||